000 00669nam 22002293 4500
001 200225
010 _a972-8515-00-6
021 _aPT
_b127396/98
090 _a200225
100 _a20260127d u||y0pory50 ba
200 _aO artefacto perverso
_fFelipe Hernández Cava argumento, Federico del Barrio desenho
205 _a
210 _aQueluz
_cEdições Baleiazul
_d1998
215 _a62, [3] p.
_cil. ; brochado
_d31 cm
606 _91586
_aDesenho Artístico
610 _aBanda Desenhada
675 _a74
_vPT
_zpor
700 _916053
_aCava
_bFelipe Hernández
701 _916054
_aBarrio
_bFederico del
801 _aPT
_bBMMN
_gRPC
830 _cIsabel
990 _cLIVROS